| 000 | 00788nam a2200229Ia 4500 | ||
|---|---|---|---|
| 003 | OSt | ||
| 005 | 20220827103551.0 | ||
| 008 | 210716s2018 xx 000 0 und d | ||
| 020 | _a9789352137503 | ||
| 040 | _cAIMIT LIBRARY | ||
| 041 | _aeng | ||
| 082 |
_a005.448 _21 _bRYAM |
||
| 100 |
_aRyan, Mike. _955733 |
||
| 245 |
_aAWS system administration : _bbest practices for sysadmins in the amazon cloud / _cBy Mike Ryan and Federico Lucifredi. |
||
| 250 | _a1st ed. | ||
| 260 |
_aNew Delhi : _bShroff Publishers and Distributors Pvt Ltd , _c2018 . |
||
| 300 |
_axiv, 362p. ; _bPB _c23 cm. |
||
| 650 |
_aBuilding reusable components _955734 |
||
| 650 |
_aAuto scaling and elastic load balancing _955735 |
||
| 700 |
_aLucifredi, Federico. _955736 |
||
| 942 |
_2ddc _cBK _e1st _k005.448 RYAM |
||
| 999 |
_c196860 _d196860 |
||